000 01336cam a2200349 i 4500
001 25524
003 Mx-PuUPA
005 20260512091205.0
008 140415s2025 mx gr 000 0 spa d
017 _aM-23147-2025
020 _a9791387912499
040 _cMx-PuUPA
_aMx-PuUPA
_bspa
_dMx-PuUPA
_erda
041 0 _aspa
245 1 0 _aCuestiones actuales de bioética desde una perspectiva de bien común :
_bdocumento de análisis y recomendaciones /
_ceditores, José Ramón Amor Pan y Mathias Nebel
264 1 _aMéxico :
_bInstituto Promotor del Bien Común,
_c2025
300 _a88 páginas ;
_c24 cm
336 _2rdacontent
_atexto
_btxt
337 _2rdamedia
_asin medio
_bn
338 _2rdacarrier
_avolumen
_bnc
650 7 _2armarc
_aBioética
650 7 _2armarc
_aCiencia
_xAspectos morales y éticos
650 7 _2armarc
_aÉtica médica
700 1 _aAmor Pan, José Ramón,
_eeditor
700 1 _aNebel, Mathias,
_eeditor
_910465
700 1 _aNebel, Mathias,
_eautor
_910465
700 1 _aHerrera Fragoso, Agustín,
_eautor
942 _2ddc
_cLI
_h174.2
_iC65
999 _c25524
_d25524